{"text_format":"1","workbook":"xlsx","n_sheets":1,"sheets":["ORÇAMENTO"],"not_rendered":{"charts":0,"images":2,"macros":1,"external_links":0,"defined_names":5,"comments":0,"pivot_tables":0},"unopened":[],"bounds":{"document_bytes":16777216,"sheet_cells":100000,"rows_first":2000,"rows_last":500,"rows_between":2000,"halvings":0,"cell_chars":16384,"cell_head_chars":4096},"cells_cut":0,"cells_raw":0,"read":"whole","date_system":"1900"}

{"sheet":"ORÇAMENTO","index":0,"n_rows":153,"n_cols":11,"rows_kept":153,"cut":false,"hidden":false,"merged":[]}
[]
[]
[]
[]
[]
[]
[]
[]
[]
[]
[]
[]
[null,"TODOS OS VALORES ESTÃO NA UNIDADE MONETÁRIA REAL"]
[null,"ITEM ","SERVIÇO ","UN","QUANT.","VALOR \n(S/ BDI)","BDI","VALOR \n(C/ BDI)","VALOR TOTAL","CÓDIGO ","FONTE"]
[null,1,"DEMOLIÇÕES",null,"",null,null,"∑ ",1312.28]
[null,"1.1","Demolição de Parede ","M3",5.63,45.03,0.2034,54.19,305.08999999999997,97622,"SINAPI"]
[null,"1.2","Demolição de Piso de Concreto","M3",3.64,229.93,0.2034,276.7,1007.19,97627,"SINAPI"]
[null,2,"PISO",null,"",null,null,"∑ ",2277.25]
[null,"2.1","Regularização e Apiloamento Manual","M2",23.14,2.73,0.2034,3.29,76.13,"CED003","COMPOSIÇÃO"]
[null,"2.2","Lastro de Brita Graduada para Piso de Concreto, e=15cm","M3",3.47,100.96,0.2034,121.5,421.61,100324,"SINAPI"]
[null,"2.3","Lona 200 Micras (fornecimento e instalação)","M2",23.14,4.38,0.2034,5.27,121.95,"CED108","COMPOSIÇÃO"]
[null,"2.4","Tela Soldada Q-138 - Aço CA-60 4.2mm - Malha 10x10cm (fornecimento, corte e instalação)","M2",23.14,11.53,0.2034,13.88,321.18,"CED107","COMPOSIÇÃO"]
[null,"2.5","Aço CA-50 8.0mm (corte e armação)","KG",19.670000000000002,9.1999999999999993,0.2034,11.07,217.75,92786,"SINAPI"]
[null,"2.6","Piso em Concreto 25 Mpa, e=10cm","M3",2.3199999999999998,400.66999999999996,0.2034,482.17,1118.6300000000001,"CED050","COMPOSIÇÃO"]
[null,3,"FECHAMENTOS",null,"",null,null,"∑ ",2572.4700000000003]
[null,"3.1","Alvenaria de Tijolos Cerâmicos Furados, e=11,5cm (15cm acabada)","M3",30.69,54.589999999999996,0.2034,65.69,2016.03,"CED004","COMPOSIÇÃO"]
[null,"3.2","Vergas e Contravergas, moldadas no local, h=20cm (incluso Fôrmas, Concreto e Armadura) ","M",9.17,50.42,0.2034,60.68,556.44000000000005,93188,"SINAPI"]
[null,4,"INSTALAÇÕES ELÉTRICAS",null,null,null,null,"∑ ",3100.0199999999995]
[null,"4.1","Quadro de Distribuição"]
[null,"4.1.1","Disjuntor Monopolar 16A - Din (fornecimento e instalação)","UN",1,10.72,0.2034,12.9,12.9,93654,"SINAPI"]
[null,"4.1.2","Disjuntor Monopolar 25A - Din (fornecimento e instalação)","UN",1,11.75,0.2034,14.14,14.14,93656,"SINAPI"]
[null,"4.2","Iluminação "]
[null,"4.2.1","Ponto de Iluminação (Caixas, Eletroduto embutido na Alvenaria, Cabos 1,5mm², Interruptor) (fornecimento e instalação)","UN",5,118.33000000000001,0.2034,142.4,712,"CEL003","COMPOSIÇÃO"]
[null,"4.2.2","Luminária Calha, com 2 Lâmpadas de LED Tubular de 18W (fornecimento e instalação)","UN",2,89.71,0.2034,107.96,215.92,"CEL101","COMPOSIÇÃO"]
[null,"4.2.3","Luminária Plafon, com Lâmpada LED (fornecimento e instalação)","UN",3,39.869999999999997,0.2034,47.98,143.94,97592,"SINAPI"]
[null,"4.3","Tomadas"]
[null,"4.3.1","Ponto de Tomada 2P+T - 10A (Caixa, Eletroduto embutido na Alvenaria, Cabos 2,5mm² e Tomada com Placa) (fornecimento e instalação)","UN",7,144.72,0.2034,174.16,1219.1199999999999,"CEL001","COMPOSIÇÃO"]
[null,"4.3.2","Ponto de Tomada 2P+T - 20A (Caixa, Eletroduto embutido na Alvenaria, Cabos 4,0mm² e Tomada com Placa) (fornecimento e instalação)","UN",2,170.32999999999998,0.2034,204.98,409.96,"CEL002","COMPOSIÇÃO"]
[null,"4.3.3","Ponto de Tomada 2P+T - 10A com Interligação para Alarme PCD (02 Caixas, Eletroduto embutido na Alvenaria, Cabos 2,5mm² e 01 Tomada com Placa e 01 Tampa Cega) (fornecimento e instalação)","UN",1,234.69,0.2034,282.43,282.43,"CEL004","COMPOSIÇÃO"]
[null,"4.4","Rede Lógica"]
[null,"4.4.1","Ponto de Comunicação SEM FIAÇÃO (Caixa, Eletroduto) (fornecimento e instalação)","UN",1,74.460000000000008,0.2034,89.61,89.61,"CEL020","COMPOSIÇÃO"]
[null,5,"INSTALAÇÕES HIDROSSANITÁRIAS",null,null,null,null,"∑ ",1400.7900000000002]
[null,"5.1","Hidráulica"]
[null,"5.1.1","Registro de Gaveta com Canopla Cromada"]
[null,"5.1.1.1","3/4\"","UN",2,73.03,0.2034,87.88,175.76,89987,"SINAPI"]
[null,"5.1.2","Adaptador Soldável Curto com Bolsa e Rosca para Registro"]
[null,"5.1.2.1","25mm - 3/4\"","UN",4,3.76,0.2034,4.5199999999999996,18.079999999999998,89429,"SINAPI"]
[null,"5.1.3","Curva 90° Soldável"]
[null,"5.1.3.1","25mm","UN",7,6.39,0.2034,7.69,53.83,89410,"SINAPI"]
[null,"5.1.4","Tê 90° Soldável"]
[null,"5.1.4.1","25mm","UN",3,5.19,0.2034,6.25,18.75,89617,"SINAPI"]
[null,"5.1.5","Tê de Redução 90° Soldável"]
[null,"5.1.5.1","50mm - 25mm","UN",2,14.62,0.2034,17.59,35.18,89627,"SINAPI"]
[null,"5.1.6","Tubos PVC Soldável"]
[null,"5.1.6.1","25mm","M",13.7,7.11,0.2034,8.56,117.27,89402,"SINAPI"]
[null,"5.1.7","Joelho 90° Soldável com Bucha de Latão"]
[null,"5.1.7.1","25mm - 1/2\"","UN",5,10.81,0.2034,13.01,65.05,90373,"SINAPI"]
[null,"5.1.8","Luva Soldável"]
[null,"5.1.8.1","25mm","UN",2,10.81,0.2034,13.01,26.02,90373,"SINAPI"]
[null,"5.2","Sanitária"]
[null,"5.2.1","Caixa sifonada"]
[null,"5.2.1.1","100x100x50","UN",2,23.5,0.2034,28.28,56.56,89707,"SINAPI"]
[null,"5.2.2","Curva PVC 90° curta"]
[null,"5.2.2.1","40mm","UN",4,7.7,0.2034,9.27,37.08,89728,"SINAPI"]
[null,"5.2.2.2","50mm","UN",3,12.42,0.2034,14.95,44.85,89733,"SINAPI"]
[null,"5.2.3","Joelho PVC 45°"]
[null,"5.2.3.1","40mm","UN",4,5.84,0.2034,7.03,28.12,89726,"SINAPI"]
[null,"5.2.3.2","50mm","UN",4,8.64,0.2034,10.4,41.6,89732,"SINAPI"]
[null,"5.2.3.3","100mm","UN",1,17.87,0.2034,21.5,21.5,89746,"SINAPI"]
[null,"5.2.4","Joelho PVC 90°"]
[null,"5.2.4.1","40mm","UN",2,7.33,0.2034,8.82,17.64,89724,"SINAPI"]
[null,"5.2.4.2","100mm","UN",2,17.899999999999999,0.2034,21.54,43.08,89744,"SINAPI"]
[null,"5.2.5","Junção Simples PVC"]
[null,"5.2.5.1","100mm - 50mm","UN",2,22.07,0.2034,26.56,53.12,"CHD019","COMPOSIÇÃO"]
[null,"5.2.5.2","100mm - 100mm","UN",1,31.89,0.2034,38.380000000000003,38.380000000000003,89797,"SINAPI"]
[null,"5.2.6","Tê Sanitário PVC"]
[null,"5.2.6.1","100mm - 50mm","UN",1,35.26,0.2034,42.43,42.43,"CHD021","COMPOSIÇÃO"]
[null,"5.2.7","Tubo Rígido com Ponta Lisa"]
[null,"5.2.7.1","40mm","M",4.2,15.26,0.2034,18.36,77.11,89711,"SINAPI"]
[null,"5.2.7.2","50mm - 2\"","M",4.5999999999999996,22.04,0.2034,26.52,121.99,89712,"SINAPI"]
[null,"5.2.7.3","100mm - 4\"","M",2.4,43.42,0.2034,52.25,125.4,89714,"SINAPI"]
[null,"5.2.8","Luva Simples"]
[null,"5.2.8.1","100mm - 4\"","UN",1,13.58,0.2034,16.34,16.34,89778,"SINAPI"]
[null,"5.3","Ar Condicionado"]
[null,"5.3.1","Caixas de Passagem"]
[null,"5.3.1.1","Caixa de Passagem para Evaporadora","UN",1,26.78,0.2034,32.229999999999997,32.229999999999997,91939,"SINAPI"]
[null,"5.3.2","Drenos"]
[null,"5.3.2.1","Tubo PVC Soldável - 25mm","M",3.4,7.11,0.2034,8.56,29.1,89402,"SINAPI"]
[null,"5.3.2.2","Joelho 90° Soldável - 25mm","UN",4,4.8600000000000003,0.2034,5.85,23.4,89408,"SINAPI"]
[null,"5.3.3","Tubulação de Cobre Flexível, com Isolamento Térmico por Borracha Elastomérica Flexível"]
[null,"5.3.3.1","1/4\"","M",1,17,0.2034,20.46,20.46,97327,"SINAPI"]
[null,"5.3.3.2","3/8\"","M",1,17,0.2034,20.46,20.46,97327,"SINAPI"]
[null,6,"REVESTIMENTO ARGAMASSADO",null,null,null,null,"∑ ",2997.7299999999996]
[null,"6.1","Impermeabliização com Argamassa Polimérica Semi-Flexível Bicomponente, 3 Demãos Cruzadas","M2",9.32,19.86,0.2034,23.9,222.75,98555,"SINAPI"]
[null,"6.2","Chapisco","M2",52.94,3.36,0.2034,4.04,213.88,87879,"SINAPI"]
[null,"6.3","Massa Única","M2",52.94,27.29,0.2034,32.840000000000003,1738.55,87529,"SINAPI"]
[null,"6.4","Contrapiso/Regularização em Argamassa, e=3cm","M2",20.23,33.79,0.2034,40.659999999999997,822.55,87630,"SINAPI"]
[null,7,"REVESTIMENTOS ASSENTADOS",null,"",null,null,"∑ ",4290.9000000000005]
[null,"7.1","Granito",null,""]
[null,"7.1.1","Soleira de Granito Jateada, e=2cm, para Portas (fornecimento e assentamento)","M",4.5999999999999996,77.81,0.2034,93.64,430.74,98689,"SINAPI"]
[null,"7.1.2","Peitoril de Granito Polido para Janelas, e=2cm, com Pingadeira (fornecimento e assentamento)","M",1,77.81,0.2034,93.64,93.64,98689,"SINAPI"]
[null,"7.2","Cerâmico",null,""]
[null,"7.2.1","Azulejos 30x60cm ou proximo a essa medida (fornecimento e assentamento)","M2",42.09,52.759999999999991,0.2034,63.49,2672.29,"CED111","COMPOSIÇÃO"]
[null,"7.2.2","Piso Cerâmico ACETINADO FOSCO 60x60 ou proximo a essa medida, PEI 5, assentado com Argamassa","M2",16.899999999999999,37.979999999999997,0.2034,45.71,772.5,"CED112","COMPOSIÇÃO"]
[null,"7.2.3","Piso Cerâmico ANTIDERRAPANTE, 60x60 ou proximo a essa medida, PEI 5, assentado com Argamassa","M2",3.33,37.979999999999997,0.2034,45.71,152.21,"CED112","COMPOSIÇÃO"]
[null,"7.2.4","Rodapé Cerâmico de 7cm, assentado com Argamassa","M2",26.08,5.4,0.2034,6.5,169.52,"CED113","COMPOSIÇÃO"]
[null,8,"PINTURA",null,"",null,null,"∑ ",603.97]
[null,"8.1","Remoção de Pintura Acrílica (Lixamento)","M2",15.47,5.47,0.2034,6.58,101.79,"CRD003","COMPOSIÇÃO"]
[null,"8.2","Fundo Preparador para Pintura Acrílica, 01 demão","M2",26.32,2.48,0.2034,2.98,78.430000000000007,88415,"SINAPI"]
[null,"8.3","Pintura Acrílica, 02 demãos","M2",26.32,13.38,0.2034,16.100000000000001,423.75,88489,"SINAPI"]
[null,9,"FORRO",null,"",null,null,"∑ ",1450.47]
[null,"9.1","Forro de PVC em Réguas, Liso (inclusive estrutura de fixação, fornecimento e colocação)","M2",20.190000000000001,45.92,0.2034,55.26,1115.7,96485,"SINAPI"]
[null,"9.2","Rodaforro de PVC (fornecimento e instalação)","M",35.5,7.84,0.2034,9.43,334.77,96121,"SINAPI"]
[null,10,"ESQUADRIAS",null,"",null,null,"∑ ",9861.06]
[null,"10.1","Janelas ",null,""]
[null,"10.1.1","J1 - 1,00x1,70 (01 unidades)\nPerfil do Batente: Alumínio Anodizado com dimensão conforme Especificação do Fabricante \nPerfil da Folha: Alumínio Anodizado 3,8x2,5cm \nFechamento da Folha: Vidro Liso 6mm\nFechadura: Tipo Clique em Alumínio","M2",1.7,314.98,0.2034,379.05,644.39,94570,"SINAPI"]
[null,"10.2","Portas",null,""]
[null,"10.2.1","P1 - 1,00x2,10 (01 unidades)\nModelo: 01 Fl. de Abrir\nPerfil do Batente: Alumínio Anodizado com dimensão conforme Especificação do Fabricante \nPerfil da Folha: Alumínio Anodizado 5,4x2,5cm \nFechamento da Folha: Lambril Liso em Alumínio Reguas de 10cm, e=1cm #0,5mm\nFechadura e Maçaneta: Tipo Alavanca em Aço Inox Escovado para Áreas Externas (Cilindro Tambor)\nDobradiças: Aço Cromado 3.1/2\"x3\"x#2,4mm","M2",2.1,1114.43,0.2034,1341.11,2816.33,91338,"SINAPI"]
[null,"10.2.2","Bandeira P1 - 1,00x0,50 (01 unidades)\nModelo: 01 Fl. Maxim-Ar\nPerfil do Batente: Alumínio Anodizado com dimensão conforme Especificação do Fabricante \nPerfil da Folha: Alumínio Anodizado 3,8x2,5cm \nFechamento da Folha: Vidro Liso 4mm\nFechadura e Maçaneta: Alavanca em Alumínio\nDobradiças: Confofme Especificação do Fabricante","M2",0.5,502.26,0.2034,604.41999999999996,302.20999999999998,94569,"SINAPI"]
[null,"10.2.3","P2 - 0,80x2,10 (01 unidades)\nModelo: 01 Fl. de Abrir\nPerfil do Batente: Alumínio Anodizado com dimensão conforme Especificação do Fabricante \nPerfil da Folha: Alumínio Anodizado 5,4x2,5cm \nFechamento da Folha: Lambril Liso em Alumínio Reguas de 10cm, e=1cm #0,5mm\nFechadura e Maçaneta: Tipo Alavanca em Aço Inox Escovado para Áreas Externas (Cilindro Tambor)\nDobradiças: Aço Cromado 3.1/2\"x3\"x#2,4mm","M2",1.68,1114.43,0.2034,1341.11,2253.06,91338,"SINAPI"]
[null,"10.2.4","P3 - 2,00x2,10 (01 unidades)\nModelo: 01 Fl. Fixa + 01 Fl. de Correr\nPerfil do Batente: Alumínio Anodizado com dimensão conforme Especificação do Fabricante \nPerfil da Folha: Alumínio Anodizado 5,4x2,5cm e 7,0x2,5cm\nFechamento da Folha: Vidro Laminado 3+3mm\nFechadura e Maçaneta: Puxador de 40cm em Aço Inox Escovado Ø2,5cm para Áreas Externas (Cilindro Tambor)","M2",4.2,314.98,0.2034,379.05,1592.01,94570,"SINAPI"]
[null,"10.2.5","P4 - 0,80x2,10 (01 unidades)\nModelo: 01 Fl. de Correr\nPerfil do Batente: Alumínio Anodizado com dimensão conforme Especificação do Fabricante \nPerfil da Folha: Alumínio Anodizado 5,4x2,5cm e 7,0x2,5cm\nFechamento da Folha: Lambril Liso em Alumínio Reguas de 10cm, e=1cm #0,5mm\nFechadura e Maçaneta: Puxador de 30cm em Aço Inox Escovado Ø2,5cm para Áreas Externas (Cilindro Tambor)","M2",1.68,1114.43,0.2034,1341.11,2253.06,91338,"SINAPI"]
[null,11,"APARELHOS SANITÁRIOS, LOUÇAS E METAIS",null,"",null,null,"∑ ",1912.8999999999999]
[null,"11.1","Lavatório de Louça, incluso:\n- Lavatório de Louça Branca Suspenso, 42x32cm\n- Sifão Copo em PVC Cromado\n- Válvula em Metal Cromado 1.1/2\" x 1.1/2\"\n- Engate Flexível em Plástico, 1/2\" x 30cm\n- Torneira Cromada de Mesa, com acionamento por Alavanca","UN",2,187.53,0.2034,225.67,451.34,86942,"SINAPI"]
[null,"11.2","Vaso Sanitário com Caixa Acoplada, incluso:\n- Vaso Sanitário com Caixa Acoplada\n- Engate Flexível em Plástico, 1/2\" x 30cm\n- Anel de Vedação 100mm","UN",1,367.44,0.2034,442.18,442.18,86931,"SINAPI"]
[null,"11.3","Vaso Sanitário com Caixa Acoplada para Sanitário Acessível, incluso:\n- Vaso Sanitário com Caixa Acoplada\n- Engate Flexível em Plástico, 1/2\" x 30cm\n- Anel de Vedação 100mm","UN",1,635.83000000000004,0.2034,765.16,765.16,95472,"SINAPI"]
[null,"11.4","Ducha Higiênica Metálica de Parede Articulável (fornecimento e instalação)","UN",1,211.25,0.2034,254.22,254.22,"CAC001","COMPOSIÇÃO"]
[null,12,"ACESSÓRIOS SANITÁRIOS",null,"",null,null,"∑ ",3358.59]
[null,"12.1","Barra de Apoio",null,""]
[null,"12.1.1","Barra de Apoio Modelo U, 20cm, em Inox (fornecimento e instalação)","UN",1,237.06,0.2034,285.27999999999997,285.27999999999997,100866,"SINAPI"]
[null,"12.1.2","Barra de Apoio Reta, 40cm, em Inox (fornecimento e instalação)","UN",2,237.06,0.2034,285.27999999999997,570.55999999999995,100874,"SINAPI"]
[null,"12.1.3","Barra de Apoio Reta, 70cm, em Inox (fornecimento e instalação)","UN",1,253.77,0.2034,305.39,305.39,100867,"SINAPI"]
[null,"12.1.4","Barra de Apoio Reta, 80cm, em Inox (fornecimento e instalação)","UN",2,264.89,0.2034,318.77,637.54,100868,"SINAPI"]
[null,"12.2","Espelho Cristal 0,50x0,90m e=4mm, com Bordas Chafradas (fornecimento e instalação)","M2",0.9,467.84,0.2034,563,506.7,"74125/1","SINAPI"]
[null,"12.3","Placa de Proteção de Impacto nas Portas, em Inox Escovado, 0,40x1,00m (fornecimento e instalação)","M2",0.8,126.36,0.2034,152.06,121.65,"CAC013","COMPOSIÇÃO"]
[null,"12.4","Alarme de Emergencia Audiovisual (fornecimento e instalação)","UN",1,389.07,0.2034,468.21,468.21,"CAC002","COMPOSIÇÃO"]
[null,"12.5","Saboneteira Plástica tipo Dispenser para Sabonete Líquido (fornecimento e instalação)","UN",2,60.84,0.2034,73.209999999999994,146.41999999999999,95547,"SINAPI"]
[null,"12.6","Papeleira Plástica tipo Dispenser para Papel Higiênico para Rolo de 300m (fornecimento e instalação)","UN",2,58.3,0.2034,70.16,140.32,"CAC008","COMPOSIÇÃO"]
[null,"12.7","Gancho para Pendurar Utensílios (fornecimento e instalação)","UN",1,23.3,0.2034,28.04,28.04,"CAC009","COMPOSIÇÃO"]
[null,"12.8","Porta Objetos de Canto em Granito, Raio de 25cm, com 02 Mãos-Francesas de 15cm (fornecimento e instalação)","UN",1,53.93,0.2034,64.900000000000006,64.900000000000006,"CAC018","COMPOSIÇÃO"]
[null,"12.9","Lixeira Basculante de PVC 12 Litros","UN",2,34.729999999999997,0.2034,41.79,83.58,"CAC011","COMPOSIÇÃO"]
[null,13,"ACESSÓRIOS DE ACESSIBILIDADE",null,"",null,null,"∑ ",225.1]
[null,"13.1","Placa Sinalização Tátil em Acrílico, 12x20cm, Fixada em Parede (fornecimento e instalação)","UN",2,46.72,0.2034,56.22,112.44,"CAC012","COMPOSIÇÃO"]
[null,"13.2","Placa Sinalização Visual em Acrílico, 20x20cm (Cor de Fundo Azul, Pictogramas Cor Branca em Alto Relevo 0,8mm) (Referência Munsell 10B5/10 ou Pantone 2925 C) - Símbolo de Padrão Internacional\n(fornecimento e instalação)","UN",1,93.62,0.2034,112.66,112.66,"CAC010","COMPOSIÇÃO"]
[]
[null,null,null,null,null,null,null,"TOTAL:",35363.530000000006]
[]
[]
[null,1,"Declaro que os encargos sociais e complementares para mão de obra, horista e mensalista, sem desoneração, atendem ao estabelecido no SINAPI para SC."]
[]
[null,2,"Declaro que para esta planilha, foi verificado que a alternativa mais adequada para a Administração Pública, é a utilização da planilha SEM DESONERAÇÃO."]
[]
[null,"Rio do Sul,","2020-10-02"]